000
00293nam a2200121Ia 4500
008
220216s9999 xx 000 0 und d
100
_a
Watson G A
245
0
_a
Cover plants and the three growth. Part 1
260
_b
Planter
_c
1964
300
_a
39-45
650
_a
Cover plants
942
_c
JS
999
_c
56473
_d
56473